Ligue 1 Tabela Wszechczasów - Statystyki

Ogólne statystyki
  • Ten quiz został rozwiązany 20 razy
  • Średni wynik to 11 z 74
Statystyki odpowiedzi
Odpowiedź Obecnie(Gdzie grają) % Poprawnych
PSG Ligue 1
100%
Lyon OU Liga Amatorska
65%
FC Nantes Ligue 1
60%
AS Monaco Ligue 1
55%
RC Lens Ligue 1
55%
Bordeaux Ligue 2
45%
LOSC Lille Ligue 1
45%
AS Saint-Etienne Ligue 2
40%
Paris FC Ligue 2
40%
AJ Auxerre Ligue 2
35%
Montpellier Ligue 1
35%
OGC Nicea Ligue 1
35%
OlympiqueLyon Ligue 1
35%
FC Metz Ligue 1
30%
OlympiqueMarseille Ligue 1
30%
Stade Reims Ligue 1
30%
AC Ajaccio Ligue 2
25%
Angers SCO Ligue 2
25%
ESTAC Troyes Ligue 2
25%
GFC Ajaccio Championnat National 2 (4 liga Francuska)
25%
RC Strasbourg Ligue 1
25%
SC Bastia Ligue 2
25%
SC Nimes Championnat National 2 (4 liga Francuska)
25%
Amiens SC Ligue 2
20%
FC Toulouse Ligue 1
20%
Clermont Foot 63 Ligue 1
15%
Dijon FCO Championnat National (3 liga Francuska)
15%
EA Guingamp Ligue 2
15%
Le Havre AC Ligue 1
15%
Red Star FC Championnat National (3 liga Francuska)
15%
Stade Rennais FC Ligue 1
15%
FC Lorient Ligue 1
10%
FC Rouen 1899 Championnat National (3 liga Francuska)
10%
Le Mans FC Championnat National (3 liga Francuska)
10%
SM Caen Ligue 2
10%
Stade Brestois 29 Ligue 1
10%
AS Aix-en-Provence Championnat National 3 (5 liga Francuska)
5%
AS Cannes Championnat National (3 liga Francuska)
5%
FC Geuugnon Championnat National 3 (5 liga Francuska)
5%
FC Martigues Championnat National 2 (4 liga Francuska)
5%
FC Mulhouse Championnat National 3 (5 liga Francuska)
5%
Grenoble Foot 38 Ligue 2
5%
LB Chateauroux Championnat National (3 liga Francuska)
5%
Limoges FC Championnat National 3 (5 liga Francuska)
5%
Sochaux-Montbeliard Championnat National(3 liga Francuska)
5%
Tours FC Championnat National 2 (4 liga Francuska)
5%
Valenciennes FC Ligue 2
5%
Angouleme Charente FC Championnat National 3 (5 liga Francuska)
0%
AS Beziers Championnat National 2 (4 liga Francuska)
0%
AS Nancy-Lorraine Championnat National (3 liga Francuska)
0%
Athletic Club Arlesien Liga Amatorska/Rozwiązany
0%
Avenir Clubavignonnais Championnat National 3 (5 liga Francuska)
0%
CA Paris-Charenton Rozwiązany
0%
Chamois Niortais FC Championnat National (3 liga Francuska)
0%
Club francais Rozwiązany
0%
Club Olympique deRoubaix-Tourcoing 5 Liga Francuska
0%
CS Sedan-Ardennes Poniżej 4 Ligi
0%
Excelsior AC Roubaix Rozwiązany
0%
FC Antibes Championnat National 3(5 liga Francuska)
0%
Hyeres 83 FC Championnat National 2 (4 liga Francuska)
0%
Istres FC Championnat National 3 (5 liga Francuska)
0%
Nimes Olympique Championnat National (3 liga Francuska)
0%
Olympique Ales Championnat National 3 (5 liga Francuska)
0%
Olympique lillois Rozwiązany
0%
Racing Club de France Championnat National 2(4 liga Francuska)
0%
Racing Club deRoubaix Rozwiązany
0%
Sporting Club de Toulon Championnat National (3 liga Francuska)
0%
Sporting Club fivois Rozwiązany
0%
Sporting Club Setois Championnat National (3 liga Francuska)
0%
SR Colmar Rozwiązany
0%
Stade Francais Championnat National (3 liga Francuska)
0%
Stade Lavallois Ligue 2
0%
Thonon Evian GrandGeneve FC Championnat National 3 (5 liga Francuska)
0%
US Boulogne Championnat National 2 (4 liga Francuska)
0%
Nie znaleziono quizów pasujących do podanych kryteriów
Rozkład punktacji
Procent ludzi z każdym wynikiem
Percentyl według liczby udzielonych odpowiedzi
Twoja historia wyników
Nie rozwiązałeś tego quizu